L'archivio storico del MIT - Movimento Identità Trans /

Uloženo v:
Podrobná bibliografie
Korporativní autor: Movimento Identità Transessuale
Další autoři: Marcasciano, Porpora, Voli, Stefania, Virtù, Ludovico
Médium: Kniha
Jazyk:italština
Vydáno: [Bologna : ArchiviSt, 2023]
Tagy: Přidat tag
Žádné tagy, Buďte první, kdo vytvoří štítek k tomuto záznamu!

MARC

LEADER 00000nam a22000007i 4500
001 IT\ICCU\UBO\4699665
003 ItRI
005 20260115232414.0
008 230418s2023 it |||||| ||||| |||||c
040 |b ita  |c importazione bologna sebina 
041 7 |a ita  |2 ISO-639-2 
110 2 |a Movimento Identità Transessuale  |0 IT\ICCU\UBOV\360609 
245 0 2 |a L'archivio storico del MIT - Movimento Identità Trans /  |c a cura di Ludovico Virtù e Stefania Voli ; prefazione di Porpora Marcasciano. 
260 |a [Bologna :  |b ArchiviSt,  |c 2023] 
300 |a 252 p. ;  |c 21 cm. 
700 1 |a Marcasciano, Porpora  |0 IT\ICCU\RERV\037043 
700 1 |a Voli, Stefania  |0 IT\ICCU\TO0V\526389 
700 1 |a Virtù, Ludovico  |0 IT\ICCU\UBOV\085429 
942 |2 ddc  |c BK  |n 0 
952 |0 0  |1 0  |4 0  |6 T_025_009000000000000_VIR  |7 0  |9 25445  |a BO  |b BO  |d 2026-01-15  |i 19869  |l 0  |o T 025.009 VIR  |p BO19869  |r 2026-01-15 23:24:14  |w 2026-01-15  |x [Sebina 5] [1 v.]  |y BK  |z 1 v. 
999 |c 21604  |d 21604